000 00340cam a22001217a 4500
008 180718b1965 xxu||||| |||| 00| 0 eng d
082 _aA99 G151/Z66
100 _aZinkin, Taya
245 _aStory of Gandhi
_cby Taya Zinkin
260 _aLondon
_bMethuen
_c1965
300 _a190p.
650 _aGandhi, Mahatma, 1869-1948 -Juvenile literature.
999 _c414845
_d414845